000 00248nam a2200097Ia 4500
008 190216s9999||||xx |||||||||||||| ||und||
100 _aSarath Chandra Chadopadyaya
245 0 _aHindi-Bindu Ka Beta
260 _bMac Millian And Com. Ltd
942 _cBK
999 _c17246
_d17246